000 01864nam a2200457 i 4500
001 4144
003 KOSZ 005
005 20200515141829.0
008 200515s1988 pl a f f 001 0 pol
015 _aPB 1988/10050
020 _a8320409780
040 _aWA N
_cWA N
_dKOSZ 005/RW
046 _k1988
080 _a621
080 _a51
080 _a53
080 _a(083)
245 0 0 _aMały poradnik mechanika :
_bpraca zbiorowa.
_nT. 1,
_pNauki matematyczno-fizyczne ; Materiałoznawstwo /
_c[autorzy Zdzisław Bańkowski et al.].
246 3 _aNauki matematyczno-fizyczne, materiałoznawstwo
250 _aWydanie 17 poprawione i uaktualnione.
260 _aWarszawa :
_bWydawnictwa Naukowo-Techniczne,
_c1988.
300 _a676, [2] stron :
_bfotografie, rysunki, wykresy ;
_c21 cm.
336 _aTekst
_btxt
_2rdacontent
337 _aBez urządzenia pośredniczącego
_bn
_2rdamedia
338 _aWolumin
_bnc
_2rdacarrier
380 _aKsiążki
380 _aPublikacje fachowe
380 _aPublikacje dydaktyczne
388 _a1901-2000
388 _a1945-1989
504 _aBibliografia przy rozdziałach. Indeksy.
521 8 _aPoradnik jest przeznaczony dla techników mechaników oraz może stanowić pomoc w nauce dla uczniów średnich szkół technicznych i słuchaczy kursów dokształcających o kierunku mechanicznym. Książka może również stanowić cenną pomoc dla techników wszystkich innych specjalności.
650 7 _aMateriałoznawstwo
650 7 _aMechanika
655 7 _aPoradnik
658 _aInżynieria i technika
700 1 _aBańkowski, Zdzisław
_c(nauki techniczne)
_eAutor
710 2 _aWydawnictwa Naukowo-Techniczne
_4pbl.
856 _uhttp://koha.tu.koszalin.pl/cgi-bin/koha/opac-detail.pl?biblionumber=4144
_yKatalog online BPK
942 _2UKD
_cKS
999 _c4144
_d4144